| 000 | 00723nam a22002177a 4500 | ||
|---|---|---|---|
| 003 | OSt | ||
| 005 | 20230112125522.0 | ||
| 008 | 230112b |||||||| |||| 00| 0 eng d | ||
| 040 | _cBiblioteca Lado V | ||
| 082 |
_a708 _bL979o |
||
| 100 |
_9510 _aLuzzatti, Mariannita _eautora |
||
| 245 | _aOcupacoes/ | ||
| 260 |
_aBrasil _bMuseo Vale do Rio Doce |
||
| 300 |
_a85p. _c21x25cm |
||
| 650 |
_2Tesauro de Arte & Arquitectura _aARTE VISUAL |
||
| 650 |
_2Tesauro de Arte & Arquitectura _aCATALOGO DE ARTE |
||
| 650 |
_2Tesauro de Arte & Arquitectura _aPINTURA |
||
| 650 |
_2Tesauro de Arte & Arquitectura _aARTE BRASILEÑO |
||
| 700 |
_aNoorthoorn, Victoria _ecurador |
||
| 942 |
_2ddc _c1 _h708 _iL979o _n0 |
||
| 999 |
_c2751 _d2751 |
||